| 000 | 00464nam a2200169Ia 4500 | ||
|---|---|---|---|
| 999 |
_c29453 _d29453 |
||
| 003 | OSt | ||
| 005 | 20201112112447.0 | ||
| 008 | 190216s9999||||xx |||||||||||||| ||und|| | ||
| 040 | _coclc | ||
| 082 |
_a894.8123 _bBAB/L |
||
| 100 |
_aBabuji, Mezhuveli _96518 |
||
| 245 | 0 |
_aLorikkaran / _cMezhuveli Babuji |
|
| 260 |
_bCurrent Books, _aThrissur: |
||
| 300 | _a216p | ||
| 650 | _aNovel | ||
| 942 |
_cBK _2ddc _h894.8123 _iBAB/L _k894.8123 _mBAB/L |
||